Re-imagine! / (Record no. 1943)

000 -LEADER
fixed length control field 01124cam a2200361 a 4500
001 - CONTROL NUMBER
control field 14429469
003 - CONTROL NUMBER IDENTIFIER
control field OSt
005 - DATE AND TIME OF LATEST TRANSACTION
control field 20150811160054.0
008 - FIXED-LENGTH DATA ELEMENTS--GENERAL INFORMATION
fixed length control field 060405r20062003enka 001 0 eng d
010 ## - LIBRARY OF CONGRESS CONTROL NUMBER
LC control number 2006411764
020 ## - INTERNATIONAL STANDARD BOOK NUMBER
International Standard Book Number 0756617464
020 ## - INTERNATIONAL STANDARD BOOK NUMBER
International Standard Book Number 9780756617462
035 ## - SYSTEM CONTROL NUMBER
System control number (OCoLC)ocm65518473
040 ## - CATALOGING SOURCE
Original cataloging agency SDE
Transcribing agency SDE
Modifying agency BAKER
-- DLC
050 00 - LIBRARY OF CONGRESS CALL NUMBER
Classification number HD31.P3839 2003
082 00 - DEWEY DECIMAL CLASSIFICATION NUMBER
Classification number 658.4/09
Edition number 22
100 1# - MAIN ENTRY--PERSONAL NAME
Personal name Peters, Thomas J.
245 10 - TITLE STATEMENT
Title Re-imagine! /
Statement of responsibility, etc Tom Peters.
246 14 - VARYING FORM OF TITLE
Title proper/short title Re-imagine! :
Remainder of title business excellence in a disruptive age
260 ## - PUBLICATION, DISTRIBUTION, ETC. (IMPRINT)
Place of publication, distribution, etc London ; New York :
Name of publisher, distributor, etc DK,
Date of publication, distribution, etc 2006, c2003.
300 ## - PHYSICAL DESCRIPTION
Extent 352 p. :
Other physical details col. ill. ;
Dimensions 24 cm.
500 ## - GENERAL NOTE
General note Originally published: 2003.
500 ## - GENERAL NOTE
General note Includes index.
650 #0 - SUBJECT ADDED ENTRY--TOPICAL TERM
Topical term or geographic name as entry element Management.
650 #0 - SUBJECT ADDED ENTRY--TOPICAL TERM
Topical term or geographic name as entry element Creative ability in business.
650 #0 - SUBJECT ADDED ENTRY--TOPICAL TERM
Topical term or geographic name as entry element Entrepreneurship.
650 #0 - SUBJECT ADDED ENTRY--TOPICAL TERM
Topical term or geographic name as entry element Leadership.
650 #0 - SUBJECT ADDED ENTRY--TOPICAL TERM
Topical term or geographic name as entry element Organizational change.
650 #0 - SUBJECT ADDED ENTRY--TOPICAL TERM
Topical term or geographic name as entry element Organizational effectiveness.
906 ## - LOCAL DATA ELEMENT F, LDF (RLIN)
a 7
b cbc
c copycat
d 2
e ncip
f 20
g y-gencatlg
942 ## - ADDED ENTRY ELEMENTS (KOHA)
Source of classification or shelving scheme
Koha item type Book
Holdings
Withdrawn status Lost status Source of classification or shelving scheme Damaged status Not for loan Home library Current library Shelving location Date acquired Total Checkouts Full call number Barcode Date last seen Copy number Price effective from Koha item type
          Riara University Library Riara University Library General stack 11/08/2015   HD31.P3839 2003 5879/15 04/02/2016 C.1 11/08/2015 Book

Riara University Library,
P.O. Box 49940-00100,
Nairobi, Kenya.